| 000 | 00519nam a2200169 a 4500 | ||
|---|---|---|---|
| 005 | 20140310183356.0 | ||
| 008 | 120924s19uu xx 00 eng d | ||
| 020 | _a9780415468138 | ||
| 050 |
_aPA 3070 _b.C614 2011 |
||
| 245 |
_aClassical literature : _ban introduction / _cedited by Neil Croally and Roy Hyde. |
||
| 260 |
_aLondon, UK : _bRoutledge, _c2011. |
||
| 300 |
_a420 p. : _c24 cm. |
||
| 650 |
_aClassical literature _xHistory and criticism |
||
| 700 | _aHyde, Roy | ||
| 942 |
_cBK _2lcc _kFOR |
||
| 999 |
_c22234 _d22234 |
||